01434nac a22003371i 4500003000900000005001700009008004100026020001500067020001800082040004300100082001700143100006400160245016100224264003700385264001000422300004100432336002600473337002800499338002700527490002800554500002000582650005500602651001000657655001700667856009500684856008700779856007500866942001200941999001500953952012800968EG-ScBUE20240917132215.0120109t1974 nyua f 001 0 eng d a0070990352 a9780070990357 aEG-ScBUEbengerdacEG-ScBUEdEG-ScBUE04a510bAYR2221 aAyres, Frank, d1901-1994‏,eauthor.92829110aSchaum’s outline of theory and problems of matrices /cFrank Ayres, Jr., Ph.D., formerly professor and head, Department of Mathematics, Dickinson College. 1aNew York :bMcGraw-Hill,c[1974] 4cc1974 a218 pages :billustrations ;c22 cm. 2rdacontentatextbtxt aunmediated2rdamediabn avolumebnc2rdacarrier0 aSchaum's outline series aIncludes index. 7aMathematicsvOutlines, syllabi, etc.9282932BUEsh 2BUEsh vReading book423Contributor biographical informationuhttp://www.loc.gov/catdir/bios/mh041/2001030767.html423Publisher descriptionuhttp://www.loc.gov/catdir/description/mh031/2001030767.html423Table of contentsuhttp://www.loc.gov/catdir/toc/mh031/2001030767.html cBB2ddc c9908d9908 00102ddc40708AlahramaMAINbMAINc1STd2015-06-08ePurchasel0o510 AYRp000012179r2025-07-15 00:00:00w2008-06-15yBB